000 00492nam a2200181 4500
001 137844
003 ES-MaACL
007 t|
008 070214s1983 sp r ||||1| spa d
100 1 _aSalom, Jaime.
_9102009
245 1 3 _aEl corto vuelo del gallo /
_cJaime Salom.
260 _aMadrid :
_bPreyson,
_c1983.
300 _a96 p. ;
_c16 cm.
490 1 _aArte escénico ;
_v13
830 0 _aArte escénico ;
_v13
_9180796
852 _aES-MaACL
_jL-5550
_bR.106112
999 _c137844
_d137844